<?xml version="1.0" encoding="UTF-8"?>
<record
    xmlns:xsi="http://www.w3.org/2001/XMLSchema-instance"
    xsi:schemaLocation="http://www.loc.gov/MARC21/slim http://www.loc.gov/standards/marcxml/schema/MARC21slim.xsd"
    xmlns="http://www.loc.gov/MARC21/slim">

  <leader>00751nam a22002537a 4500</leader>
  <controlfield tag="003">IIN</controlfield>
  <controlfield tag="005">20250507104641.0</controlfield>
  <controlfield tag="008">250507s2024    |||ad||| |||| 001 0 eng d</controlfield>
  <datafield tag="020" ind1=" " ind2=" ">
    <subfield code="a">9789386896674</subfield>
    <subfield code="c">Rs.1350.00</subfield>
  </datafield>
  <datafield tag="040" ind1=" " ind2=" ">
    <subfield code="a">IIN</subfield>
  </datafield>
  <datafield tag="082" ind1=" " ind2=" ">
    <subfield code="a">610.72699</subfield>
    <subfield code="b">VAT</subfield>
  </datafield>
  <datafield tag="100" ind1=" " ind2=" ">
    <subfield code="a">Vati, Jogindra</subfield>
  </datafield>
  <datafield tag="245" ind1=" " ind2=" ">
    <subfield code="a">Adult Medical Surgical Nursing</subfield>
    <subfield code="b">with Integrated Pathophysiology/</subfield>
    <subfield code="c">Jogindra Vati, Prabhjot Kaur &amp; Lakhwinder Kaur</subfield>
  </datafield>
  <datafield tag="260" ind1=" " ind2=" ">
    <subfield code="a">Punjab</subfield>
    <subfield code="b">Lotus</subfield>
    <subfield code="c">2024</subfield>
  </datafield>
  <datafield tag="300" ind1=" " ind2=" ">
    <subfield code="a">1078 [xxxix] p./ vol.1</subfield>
    <subfield code="b">ill.</subfield>
  </datafield>
  <datafield tag="500" ind1=" " ind2=" ">
    <subfield code="a">Includes Index</subfield>
  </datafield>
  <datafield tag="500" ind1=" " ind2=" ">
    <subfield code="a">Includes Appendices</subfield>
  </datafield>
  <datafield tag="500" ind1=" " ind2=" ">
    <subfield code="a">Includes Glossary</subfield>
  </datafield>
  <datafield tag="650" ind1=" " ind2=" ">
    <subfield code="a">Adult Health</subfield>
    <subfield code="v">Nursing</subfield>
  </datafield>
  <datafield tag="650" ind1=" " ind2=" ">
    <subfield code="a">Medical Surgical</subfield>
    <subfield code="v">Nursing</subfield>
  </datafield>
  <datafield tag="700" ind1=" " ind2=" ">
    <subfield code="a">Kaur, Prabhjot</subfield>
  </datafield>
  <datafield tag="700" ind1=" " ind2=" ">
    <subfield code="a">Kaur, Lakhwinder</subfield>
  </datafield>
  <datafield tag="942" ind1=" " ind2=" ">
    <subfield code="c">BOOK</subfield>
  </datafield>
  <datafield tag="952" ind1=" " ind2=" ">
    <subfield code="0">0</subfield>
    <subfield code="1">0</subfield>
    <subfield code="2">ddc</subfield>
    <subfield code="4">0</subfield>
    <subfield code="7">0</subfield>
    <subfield code="8">PURCH</subfield>
    <subfield code="a">IIN</subfield>
    <subfield code="b">IIN</subfield>
    <subfield code="c">GEN</subfield>
    <subfield code="d">2025-03-11</subfield>
    <subfield code="g">1350.00</subfield>
    <subfield code="l">0</subfield>
    <subfield code="o">610.72699 VAT</subfield>
    <subfield code="p">1998</subfield>
    <subfield code="r">2025-05-07 10:47:13</subfield>
    <subfield code="t">vol.1</subfield>
    <subfield code="w">2025-05-07</subfield>
    <subfield code="y">BOOK</subfield>
  </datafield>
  <datafield tag="999" ind1=" " ind2=" ">
    <subfield code="c">1804</subfield>
    <subfield code="d">1804</subfield>
  </datafield>
</record>
